A szegedi piacon ismét dühöng az árdrágítás Meg kell szervezni a piaci őrséget

Elmentve itt :
Bibliográfiai részletek
Dokumentumtípus: Cikk
Megjelent: 1919-05-04
Sorozat:Délmagyarország 8 No. 100
Kulcsszavak:Élelmiszer árak Szeged 1919, Piac Szeged
Online Access:http://dmarchiv.bibl.u-szeged.hu/44553
LEADER 00488nab a2200145 i 4500
001 delm44553
005 20180927131935.0
008 180927s1919 hu o 0|| hun d
040 |a SZTE Délmagyarország Archívum  |b hun 
041 |a hun 
245 0 2 |a A szegedi piacon ismét dühöng az árdrágítás   |h [elektronikus dokumentum] :  |b Meg kell szervezni a piaci őrséget 
260 |c 1919-05-04 
300 |a 6 
490 0 |a Délmagyarország  |v 8 No. 100 
695 |a Élelmiszer árak Szeged 1919, Piac Szeged